| 000 | 00402nam a2200157Ia 4500 | ||
|---|---|---|---|
| 005 | 20260122095439.0 | ||
| 008 | 260121s9999||||xx |||||||||||||| ||und|| | ||
| 020 | _a9781138311640 | ||
| 082 |
_a791.430 _bBEL |
||
| 100 | _aBelli, Mary Lou | ||
| 245 | 0 | _aActing for the screen / | |
| 260 |
_aUnited Kingdom : _bTaylor and Francis, _c2020. |
||
| 300 | _axv, 239p.; pbk | ||
| 650 | _aActing | ||
| 942 | _cTB | ||
| 999 |
_c47819 _d47819 |
||